| 000 | 00486nam a2200181Ia 4500 | ||
|---|---|---|---|
| 001 | 20513 | ||
| 005 | 20260306172811.0 | ||
| 008 | 260306t2000||||xx |||||||||||||| ||spa|| | ||
| 041 | _aESP | ||
| 082 |
_a343.334 _bD44P |
||
| 100 |
_aPerú. Defensoría del Pueblo _eAUT |
||
| 245 | 0 | _aProblemas actuales de la administración de justicia en los delitos sexuales | |
| 260 | _c2000 | ||
| 300 |
_a346 páginas : _c21 cm. |
||
| 650 | _aGEN | ||
| 654 | _aCDE | ||
| 942 |
_cLIB _dJUS _fJUS _2ddc _n |
||
| 999 |
_c20513 _d20513 |
||